000 00722nam a2200277Ia 4500
005 20260324130735.0
008 008 260324s9999 xx 000 0 eng d
020 _a9781315706122
037 _aEBOOK
040 _aCRL
040 _beng
040 _cCRL
041 _2eng
041 _aeng
084 _qCRL
100 _aLily Xiao Hong Lee; A.D. Stefanowska; Sue Wiles
_91182920
245 0 _aBiographical Dictionary of Chinese Women: Antiquity Through Sui, 1600 B.C.E. - 618 C.E
260 _bTaylor and Francis
260 _c2007
365 _a
365 _b290
856 _uhttp://www.taylorfrancis.com/books/9781315706122
942 _cEBOOK
999 _c1779356
_d1779356